000 00514nam a22002057a 4500
999 _c10538
_d10538
003 BD-JhCC
005 20180520120258.0
008 180503b1965 uk ||||| |||| 00| 0 eng d
035 _a(BD-JhCC)
040 _aBD-JhCC
_dBD-JhCC
041 _aeng
082 _a821
_bLOW 1965
100 _aLowers, James K.
245 _aShakespeare's Sonnets /
_cJames K. Lowers
260 _aU.S.A :
_bGliff's Notes
_c1965.
300 _a65 p. :
_c21 cm.
650 _aSonnets, English
942 _2ddc
_cBK